书目信息 |
| 题名: |
中国指导案例、参考案例判旨总提炼
|
|
| 作者: | 胡凤滨 主编 | |
| 分册: | 人格权、物权纠纷 | |
| 出版信息: | 北京 法律出版社 2012.03 |
|
| 页数: | 28,548页 | |
| 开本: | 23cm | |
| 丛书名: | 中国指导案例、参考案例判旨总提炼丛书 | |
| 单 册: | ||
| 中图分类: | D920.5 , D922.75 | |
| 科图分类: | ||
| 主题词: | 案例--中国--现代--汇编 , 人格--权利--民事纠纷--案例--中国--现代--汇编 , 物权--民事纠纷--案例--中国--现代--汇编 , 案例 , 人格 , 权利 , 民事纠纷 , 物权 | |
| 电子资源: | ||
| ISBN: | 978-7-5118-2952-8 | |
| 000 | 01298oam2 2200349 450 | |
| 001 | 005423029 | |
| 005 | 20130628104939.64 | |
| 010 | @a978-7-5118-2952-8@dCNY78.00 | |
| 100 | @a20120529d2012 em y0chiy0110 ea | |
| 101 | 0 | @achi |
| 102 | @aCN@b110000 | |
| 105 | @ay zn 000yy | |
| 106 | @ar | |
| 200 | 1 | @a中国指导案例、参考案例判旨总提炼@9zhong guo zhi dao an li can kao an li pan zhi zong ti lian@i人格权、物权纠纷@f胡凤滨主编@g《中国指导案例》编委会编 |
| 210 | @a北京@c法律出版社@d2012.03 | |
| 215 | @a28,548页@d23cm@e1光盘 | |
| 225 | 1 | @a中国指导案例、参考案例判旨总提炼丛书@v1 |
| 307 | @a附光盘:ISBN 978-7-900739-94-0 | |
| 330 | @a本书收录整理了2000年之后最高人民检察院和最高人民法院发布的关于人格权纠纷、所有权纠纷、担保纠纷和用益物权纠纷的司法审判案例及全国各地法院审理的相关指导性案例。每篇案例都经法学专家评判,均有“争议点”、“判则”等点评。 | |
| 606 | 0 | @x案例@y中国@z现代@j汇编 |
| 606 | 0 | @a人格@x权利@x民事纠纷@x案例@y中国@z现代@j汇编 |
| 606 | 0 | @a物权@x民事纠纷@x案例@y中国@z现代@j汇编 |
| 606 | 0 | @a案例 |
| 606 | 0 | @a人格 |
| 606 | 0 | @a权利 |
| 606 | 0 | @a民事纠纷 |
| 606 | 0 | @a物权 |
| 690 | @aD920.5@v5 | |
| 690 | @aD922.75@v5 | |
| 701 | 0 | @a胡凤滨@9hu feng bin@f(1956~)@4主编 |
| 801 | 0 | @aCN@bNLC@c20120914 |
| 905 | @b544778-80@dD920.5@e1037:1@f3 | |
| 中国指导案例、参考案例判旨总提炼.人格权、物权纠纷/胡凤滨主编/《中国指导案例》编委会编.-北京:法律出版社,2012.03 |
| 28,548页;23cm+1光盘.-(中国指导案例、参考案例判旨总提炼丛书;1) |
| ISBN 978-7-5118-2952-8:CNY78.00 |
| 本书收录整理了2000年之后最高人民检察院和最高人民法院发布的关于人格权纠纷、所有权纠纷、担保纠纷和用益物权纠纷的司法审判案例及全国各地法院审理的相关指导性案例。每篇案例都经法学专家评判,均有“争议点”、“判则”等点评。 |
| ● |
| 相关链接 |
|
|
|
|
正题名:中国指导案例、参考案例判旨总提炼
索取号:D920.5/1037:1
 
预约/预借
| 序号 | 登录号 | 条形码 | 馆藏地/架位号 | 状态 | 备注 |
| 1 | 544778 | 205447783 | 第一样本阅览室/ [索取号:D920.5/1037:1] | 在馆 | |
| 2 | 544779 | 205447792 | 第一借阅区/ [索取号:D920.5/1037:1] | 在馆 | |
| 3 | 544780 | 205447809 | 史法系资料室/ [索取号:D920.5/1037:1] | 在馆 |